La terra di Dio /

Đã lưu trong:
Chi tiết về thư mục
Tác giả khác: Ardisson, Manon (Nhà sản xuất), Tarling, Jack (Nhà sản xuất), Ferran, Patsy (Diễn viên), Thomas, Liam (Diễn viên), Richards, Joshua James (Nhiếp ảnh gia), Hart, Ian (Diễn viên), Lee, Francis (regista cinematografico) (Giám đốc, Người viết kịch bản), O'Connor, Josh (Diễn viên), Secareanu, Alec (Diễn viên), Jones, Gemma (Diễn viên)
Định dạng: Slide
Ngôn ngữ:Tiếng Italy
Tiếng Anh
Được phát hành: Campi Bisenzio : CG Entertainment, ©2018
Các nhãn: Thêm thẻ
Không có thẻ, Là người đầu tiên thẻ bản ghi này!

MARC

LEADER 00000ngm a22000007i 4500
001 IT\ICCU\UBO\4349765
003 ItRI
005 20260124182825.0
008 181215s2018 it |||||||||||||||k|||||c
024 3 1 |a 8057092024157 
028 4 2 |a PSV21880 
040 |b ita 
041 7 |a ita  |a eng  |2 ISO-639-2 
130 0 |a God's Own Country <film ; 2017>  |3 IT\ICCU\UBO\4349766 
245 0 3 |a La terra di Dio /  |c scritto e diretto da Francis Lee ; direttore della fotografia Joshua James Richards ; prodotto da Manon Ardisson, Jack Tarling ; interpreti: Josh O'Connor, Alec Secareanu, Gemma Jones ...[et al.]. 
246 1 1 |a God's own country  |9 IT\ICCU\LO1\1740364 
260 |a Campi Bisenzio :  |b CG Entertainment,  |c ©2018 
300 |a 1 DVD-Video (101 min) :  |b color., sonoro ;  |c in contenitore, 19 cm 
500 |a Caratteristiche tecniche: codice area 2; sistema e formato video: PAL; 16/9, 1.85:1; formato audio: Dolby digital 2.0, 5.1 
500 |a Titolo del contenitore 
500 |a Produzione cinematografica: Gran Bretagna, 2017 
500 |a Interpreti: Josh O'Connor, Alec Secareanu 
500 |a Lingue: inglese e italiano; sottotitoli: italiano per non udenti 
500 |a Vietato ai minori di 14 anni 
700 1 |a Ardisson, Manon  |0 IT\ICCU\DDSV\394758  |4 pro 
700 1 |a Tarling, Jack  |0 IT\ICCU\DDSV\394759  |4 pro 
700 1 |a Ferran, Patsy  |0 IT\ICCU\DDSV\394760  |4 act 
700 1 |a Thomas, Liam  |0 IT\ICCU\DDSV\394761  |4 act 
700 1 |a Richards, Joshua James  |0 IT\ICCU\PCMV\001131  |4 pht 
700 1 |a Hart, Ian  |0 IT\ICCU\UBOV\098262  |4 act 
700 1 |a Lee, Francis  |c  (regista cinematografico)  |0 IT\ICCU\UBOV\463088  |4 drt 
700 1 |a Lee, Francis  |c  (regista cinematografico)  |0 IT\ICCU\UBOV\463088  |4 sce 
700 1 |a O'Connor, Josh  |0 IT\ICCU\UBOV\463089  |4 act 
700 1 |a Secareanu, Alec  |0 IT\ICCU\UBOV\463090  |4 act 
700 1 |a Jones, Gemma  |0 IT\ICCU\UBOV\486339  |4 act 
710 2 |a CG Entertainment  |0 IT\ICCU\DDSV\039619  |4 pbl 
791 2 |a Cecchi Gori Entertainment  |3 IT\ICCU\DDSV\353142  |z CG Entertainment 
791 2 |a CG Home Video  |3 IT\ICCU\MODV\664430  |z CG Entertainment 
791 2 |a Cecchi Gori Home Video  |3 IT\ICCU\MODV\664431  |z CG Entertainment 
791 2 |a Cecchi Gori Home Group  |3 IT\ICCU\MODV\664432  |z CG Entertainment 
791 2 |a Cecchi Gori Editoria Elettronica Home video  |3 IT\ICCU\MODV\664433  |z CG Entertainment 
942 |2 ddc  |c VM  |n 0 
952 |0 0  |1 0  |4 0  |6 VO_2356_000000000000000  |7 0  |9 26893  |a BO  |b BO  |d 2026-01-24  |i 19016  |l 0  |o VO 2356  |p BO19016  |r 2026-01-24 18:28:25  |w 2026-01-24  |x [Sebina 5] [1 dvd]  |y VM  |z 1 dvd 
999 |c 22747  |d 22747